Everton FC Squad 2022-2023 - Statistics

General Stats
  • This quiz has been taken 230 times
    86 since last reset
  • The average score is 22 of 30
Answer Stats
# Position Nation Player % Correct
1 GK England Jordan Pickford
100%
9 FW England Dominic Calvert-Lewin
93%
19 DF Ukraine Vitaliy Mykolenko
93%
13 DF Colombia Yerry Mina
93%
27 MF Senegal Idrissa Gueye
91%
17 MF Nigeria Alex Iwobi
89%
8 MF Belgium Amadou Onana
89%
5 DF England Michael Keane
89%
23 DF Ireland Seamus Coleman
85%
16 MF Mali Abdoulaye Doucouré
84%
15 GK Bosnia and Herzegovina Asmir Begović
84%
2 DF England James Tarkowski
84%
- Coach England Frank Lampard
82%
- Coach England Sean Dyche
80%
11 FW England Demarai Gray
78%
4 DF England Mason Holgate
76%
33 FW Venezuela Salomón Rondón
76%
7 FW England Dwight McNeil
75%
3 DF Scotland Nathan Patterson
75%
10 FW England Anthony Gordon
73%
22 DF England Ben Godfrey
73%
20 FW France Neal Maupay
65%
26 MF England Tom Davies
58%
37 MF England James Garner
55%
30 DF England Conor Coady
53%
50 FW England Ellis Simms
45%
29 DF Portugal Rúben Vinagre
45%
14 FW England Andros Townsend
40%
31 GK England Andy Lonergan
35%
35 GK Switzerland Eldin Jakupović
35%
No matching quizzes found
Score Distribution
Percent of People with Each Score
Percentile by Number Answered
Your Score History
You have not taken this quiz since the last reset